| 000 | 01184cam a22003137a 4500 | ||
|---|---|---|---|
| 003 | CHAP | ||
| 005 | 20220329142109.0 | ||
| 008 | 990621d1998 mx r 00110 spa d | ||
| 010 | _a78378 | ||
| 011 | _a79350 | ||
| 035 | _a89569 | ||
| 040 | _cCHAP | ||
| 090 | _aFolleto 15320 | ||
| 100 | 0 | 0 |
_aAguilar Becerril, Guillermo. _92656 |
| 245 | 1 | 0 |
_aConcentrado de equivalencias y fórmulas de física : _bpara el bachillerato : tronco común único agrícola (UACH, DGETA) y tecnológico (DGETI, DGETAM) _c/por Guillermo Aguilar Becerril |
| 260 |
_aChapingo, Méx. : _bUACH., _c1998. |
||
| 590 |
_aBATCH-UPD _b10 _c20130110 _lUCH01 _h2332 |
||
| 590 |
_aBATCH-UPD _b10 _c20130410 _lUCH01 _h1621 |
||
| 590 |
_aBATCH-UPD _b10 _c20130913 _lUCH01 _h2309 |
||
| 590 |
_aCONVERSION _b10 _c20130109 _lUCH01 _h1343 |
||
| 650 | 1 | 4 |
_aFísica _xFórmulas. _941983 |
| 901 | _aBK | ||
| 905 | _aAlejandra Carrasco M. | ||
| 942 | _cFOLL | ||
| 949 |
_aFolleto 15320 _bBC _cFOLL _d33724002169702 _eTS2 _fc.4 _i89569 _sb |
||
| 949 |
_aFolleto 15320 _bBC _cFOLL _d895691 _eTS1 _i89569 _sb |
||
| 949 |
_aFolleto 15320 _bBC _cFOLL _d895692 _eTS2 _fc.2 _i89569 _si |
||
| 949 |
_aFolleto 15320 _bBC _cUACH _d895693 _eUACH _fc.3 _i89569 _sb |
||
| 999 |
_c78378 _d78378 |
||